00783 2200181 4500245005100000020002200051250001100073100001500084700001800099650002000117005001900137260005000156041001400206084001100220300002300231500033800254336000900592 aTulus untuk Orang yang SalahcBoy CandrahText a978-602-05-2963-9 aCet. 1 aBoy Candra aLinda Irawati aFiksi Indonesia a20240112105450 aJakartabGramedia Widiasarana Indonesiac2022 aIndonesia a808.83 a136 hlm. :c19 cm. aAku terluka dan kusembuhkan sendiri. Aku memberi ruang untuk tinggal, tetapi kamu lebih memilih memaksa menepi pergi. Aku bertahan meski kamu sering mencoba merobohkan benteng yang kubangun. Hingga akhirnya aku sadar, aku tulus pada orang yang salah. Aku mencintai sepanjang rasa kalah. Aku tidak pernah benar-benar berharga untukmu. atext